An introduction to Hilbert space and quantum logic
Αποθηκεύτηκε σε:
| Κύριος συγγραφέας: | |
|---|---|
| Μορφή: | Βιβλίο |
| Γλώσσα: | English |
| Δημοσίευση: |
New York :
Springer-Verlag,
c1989.
|
| Σειρά: | Problem books in mathematics
|
| Θέματα: | |
| Ετικέτες: |
Προσθήκη ετικέτας
Δεν υπάρχουν, Καταχωρήστε ετικέτα πρώτοι!
|
MARC
| LEADER | 00000cam a2200000 i 4500 | ||
|---|---|---|---|
| 001 | 1/31972 | ||
| 008 | 941103s1989 nyu| ||| |||| ||eng|| | ||
| 020 | |a 0387968709 |q (New York) | ||
| 020 | |a 3540968709 |q (Berlin) | ||
| 035 | |l 10038974 | ||
| 035 | |a 1993 |c Βιβλιοθήκη | ||
| 040 | |a GR-MyUa |b gre |e AACR2 | ||
| 041 | 0 | |a eng | |
| 082 | 7 | |a 515.733 |2 (19) | |
| 100 | 1 | |a Cohen, David W. |q (David Warren), |d 1940- | |
| 245 | 1 | 3 | |a An introduction to Hilbert space and quantum logic / |c David W. Cohen. |
| 260 | |a New York : |b Springer-Verlag, |c c1989. | ||
| 300 | |a xii, 149 σ. : |b εικ. ; |c 25 εκ. | ||
| 490 | 1 | |a (Problem books in mathematics) | |
| 504 | |a Περιλαμβάνει βιβλιογραφικές παραπομπές και ευρετήριο. | ||
| 650 | 0 | |a Hilbert space. | |
| 650 | 0 | |a Quantum theory. | |
| 830 | 0 | |a Problem books in mathematics | |
| 852 | |a INST |b SAMOS |e 19941103 |h 515.733 COH |p 005300008093 |q 005300008093 |t BK |y 0 | ||
| 852 | |a INST |b SYROS |e 20200108 |h 515.733 COH |p 005500013928 |q 005500013928 |t BK |y 0 | ||